000 00627nam a2200181 i 4500
001 131005
003 ES-MaACL
005 20230906193909.0
007 t|
008 070214s1961 sp r ||||1| spa d
100 1 _aRoberjot, P.
_997795
245 1 0 _aElementos de electricidad industrial.
_n4,
_pInstalaciones interiores :
_btimbres, teléfonos, alumbrado, motores /
_cpor P. Roberjot ; versión por José Mª Mantero.
250 _a7ª ed.
260 _aBarcelona :
_bGustavo Gili,
_c1961.
300 _a413 p. :
_bil., gráf. ;
_c19 cm.
650 _aInstalaciones eléctricas.
_913826
852 4 _aES-MaACL
_jP-1032-bis
999 _c131005
_d131005